| 000 | 00576nam a22002057a 4500 | ||
|---|---|---|---|
| 003 | OSt | ||
| 005 | 20251201145159.0 | ||
| 008 | 251201b |||||||| |||| 00| 0 eng d | ||
| 020 | _a978-0-14-751614-5 | ||
| 040 |
_aDWCL - Main _cOC |
||
| 082 | _aF G878m 2014 | ||
| 100 |
_aGrossman, Lev _eAuthor |
||
| 245 |
_aThe Magician's Land / _cLev Grossman |
||
| 260 |
_aUSA; _bPenguin Random House, _cc2014. |
||
| 300 |
_a401 pages; _c21cm. |
||
| 650 | _a1. Magic -- Fiction | ||
| 650 | _a2. College Student -- Fiction | ||
| 651 | _a3. Fantasy -- Fiction | ||
| 942 |
_2ddc _cFIC. _n0 |
||
| 999 |
_c6669 _d6669 |
||